000 00292nam a22001337a 4500
008 170809b xxu||||| |||| 00| 0 eng d
020 _a9780071614818
041 _aeng
080 _a004
100 _a35
101 _aSHK
245 _aSMALL BUSINES WEB SITES
_cHOLZNER,S
942 _2udc
_cBK
999 _c23037
_d23037